[Event "21st Hoogeveen op"]
[Site "Hoogeveen NED"]
[Date "2017.10.25"]
[Round "6.22"]
[White "Clemens, Adrian HP"]
[Black "Colbow, Collin"]
[Result "0-1"]
[WhiteElo "2198"]
[BlackElo "1945"]
[EventDate "2017.10.21"]
[PlyCount "79"]

1.d4 Nf6 2.c4 e6 3.Nf3 Bb4+ 4.Bd2 Qe7 5.g3 Bxd2+ 6.Qxd2 Nc6 7.Nc3 d5 8.Bg2
O-O 9.Ne5 Nxe5 10.dxe5 Nd7 11.cxd5 exd5 12.Nxd5 Qxe5 13.O-O c6 14.Nf4 Nf6 
15.Rfd1 Bd7 16.Qd4 Qxd4 17.Rxd4 Rfd8 18.Rad1 Kf8 19.Nh5 Nxh5 20.Rxd7 Ke8 
21.Bh3 Nf6 22.R7d3 Rxd3 23.Rxd3 Rd8 24.Rxd8+ Kxd8 25.Kf1 Kc7 26.Ke1 Kd6 
27.Kd2 c5 28.Kd3 b5 29.e4 Ng8 30.f4 f6 31.Bc8 Ne7 32.Ba6 c4+ 33.Ke3 Kc5 
34.Bb7 b4 35.Ba6 Nc6 36.a4 c3 37.bxc3 bxc3 38.Bb7 Ne7 39.Kd3 Kb4 40.Kc2 
0-1

[Event "21st Hoogeveen op"]
[Site "Hoogeveen NED"]
[Date "2017.10.25"]
[Round "6.23"]
[White "Henseler, Jorgen"]
[Black "O'Gorman, Tom"]
[Result "1/2-1/2"]
[WhiteElo "2026"]
[BlackElo "2240"]
[EventDate "2017.10.21"]
[PlyCount "135"]

1.e4 c5 2.Nf3 d6 3.d4 cxd4 4.Nxd4 Nf6 5.Nc3 a6 6.Be3 e5 7.Nb3 Be7 8.f3 Be6
9.Qd2 O-O 10.O-O-O a5 11.Bb5 Na6 12.Qe2 Qb8 13.Kb1 Nc7 14.g4 Rc8 15.g5 
Nxb5 16.Nxb5 Bc4 17.Qd2 Nxe4 18.fxe4 Bxb5 19.Nxa5 b6 20.Nb3 Qa7 21.a3 Qb7 
22.Qf2 Bc6 23.Rhf1 Bf8 24.Nd2 b5 25.h4 Rc7 26.Bb6 Rd7 27.h5 Ra6 28.Be3 b4 
29.axb4 Qa8 30.Nb3 Bxe4 31.b5 Ra2 32.b6 Qa4 33.Kc1 Qb4 34.Bc5 Qa4 35.Ba3 
Rxa3 36.bxa3 d5 37.Kd2 Bxa3 38.Ra1 Qb4+ 39.Kd1 d4 40.Qd2 d3 41.Qxb4 dxc2+ 
42.Ke2 Bxb4 43.Ra7 Bd3+ 44.Kf2 Rd8 45.Rfa1 Be4 46.b7 Rf8 47.Ke2 f5 48.gxf6
gxf6 49.Rg1+ Kh8 50.Ra4 Bxb7 51.Rxb4 Bd5 52.Nc1 f5 53.Nd3 Bf7 54.h6 f4 55.
Nxe5 Re8 56.Kd2 Rxe5 57.Rb8+ Re8 58.Rxe8+ Bxe8 59.Kxc2 Bf7 60.Rf1 Bg8 61.
Rxf4 Ba2 62.Rg4 Bg8 63.Rg7 Ba2 64.Kc3 Bg8 65.Kd4 Ba2 66.Ke5 Bg8 67.Kf6 Ba2
68.Ra7 1/2-1/2

[Event "21st Hoogeveen op"]
[Site "Hoogeveen NED"]
[Date "2017.10.25"]
[Round "6.24"]
[White "Taams, Sander"]
[Black "Stanetzek, Carsten"]
[Result "1-0"]
[WhiteElo "1954"]
[BlackElo "2211"]
[EventDate "2017.10.21"]
[PlyCount "43"]

1.e4 e5 2.Nf3 Nc6 3.Bc4 Bc5 4.b4 Bb6 5.a4 a6 6.Nc3 Nf6 7.O-O d6 8.a5 Ba7 
9.b5 axb5 10.Bxb5 Bd7 11.d3 h6 12.a6 Nb4 13.Bxh6 bxa6 14.Bxg7 Rh7 15.Bxf6 
Qxf6 16.Bxd7+ Kxd7 17.Ne2 Rah8 18.Ng3 Qg6 19.Nf5 Rxh2 20.Nxh2 Qh7 21.Nh4 
Qxh4 22.Qg4+ 1-0

[Event "21st Hoogeveen op"]
[Site "Hoogeveen NED"]
[Date "2017.10.25"]
[Round "6.25"]
[White "Aan, Sikka"]
[Black "Vroombout, Enrico"]
[Result "1/2-1/2"]
[WhiteElo "1918"]
[BlackElo "2133"]
[EventDate "2017.10.21"]
[PlyCount "81"]

1.e4 c5 2.Nf3 d6 3.Bb5+ Bd7 4.Bxd7+ Qxd7 5.c4 Nc6 6.d4 cxd4 7.Nxd4 Nf6 8.
Nc3 g6 9.b3 Bg7 10.Bb2 O-O 11.O-O Rfd8 12.Re1 e6 13.Nxc6 Qxc6 14.Qf3 Ne8 
15.Rac1 a6 16.a4 Qb6 17.Nd1 Bxb2 18.Nxb2 Qb4 19.Qc3 Qxc3 20.Rxc3 b5 21.Rd3
Kf8 22.Red1 Ke7 23.f3 Rab8 24.Kf2 Rdc8 25.Ke3 Rc6 26.Rc3 Nf6 27.Rdc1 b4 
28.R3c2 Nd7 29.Nd3 Nc5 30.Nxc5 dxc5 31.Rd1 Rd6 32.Rxd6 Kxd6 33.Rd2+ Ke7 
34.e5 Rd8 35.Rxd8 Kxd8 36.Kf4 h6 37.g4 a5 38.h4 Ke7 39.g5 h5 40.Ke4 Kd7 
41.f4 1/2-1/2

[Event "21st Hoogeveen op"]
[Site "Hoogeveen NED"]
[Date "2017.10.25"]
[Round "6.27"]
[White "Roebers, Jan"]
[Black "Nicolai, Amir"]
[Result "1/2-1/2"]
[WhiteElo "2086"]
[BlackElo "2019"]
[EventDate "2017.10.21"]
[PlyCount "45"]

1.Nf3 Nf6 2.d4 e6 3.g3 c5 4.c3 b6 5.Bg2 Bb7 6.O-O d6 7.Re1 Qc7 8.Nbd2 Ne4 
9.Qc2 Nxd2 10.Qxd2 Be7 11.e4 O-O 12.Qd1 cxd4 13.Nxd4 Nd7 14.h4 Rfe8 15.h5 
Rad8 16.a4 a6 17.Qe2 Nc5 18.b4 Nd7 19.b5 Nc5 20.e5 dxe5 21.Nc6 Bxc6 22.
Bxc6 Rf8 23.Be3 1/2-1/2

[Event "21st Hoogeveen op"]
[Site "Hoogeveen NED"]
[Date "2017.10.25"]
[Round "6.28"]
[White "Van der Veen, Jan"]
[Black "Knight, David"]
[Result "0-1"]
[WhiteElo "2058"]
[BlackElo "1926"]
[EventDate "2017.10.21"]
[PlyCount "104"]

1.e4 e5 2.Nf3 Nc6 3.Bb5 a6 4.Ba4 Nf6 5.O-O Nxe4 6.d4 b5 7.Bb3 d5 8.dxe5 
Be6 9.Nbd2 Be7 10.c3 O-O 11.Bc2 Nc5 12.Re1 Bg4 13.Nb3 Ne6 14.Qd3 g6 15.Bh6
Re8 16.h3 Bf5 17.Qd2 Bxc2 18.Qxc2 Qd7 19.Rad1 Rad8 20.Nbd4 Ncxd4 21.cxd4 
c5 22.dxc5 Bxc5 23.Qb3 d4 24.Nd2 Be7 25.Ne4 Qc7 26.Qg3 Qc2 27.Rd2 Qc4 28.
b3 Qd5 29.Rd3 Rc8 30.Re2 Ng7 31.Bg5 Nh5 32.Qh4 Rc1+ 33.Kh2 Qxe5+ 34.Ng3 
Rh1+ 35.Kxh1 Nxg3+ 36.Qxg3 Qxe2 37.Bxe7 Rxe7 38.Rxd4 Qxa2 39.Rd8+ Kg7 40.
Rd6 Qa1+ 41.Kh2 Re1 42.Qf4 Rh1+ 43.Kg3 Qc3+ 44.Qf3 Rc1 45.Rd3 Qe5+ 46.Qf4 
Qxf4+ 47.Kxf4 Rc2 48.Ke3 a5 49.g4 Rb2 50.f4 a4 51.bxa4 bxa4 52.Ke4 Rb4+ 
0-1

[Event "21st Hoogeveen op"]
[Site "Hoogeveen NED"]
[Date "2017.10.25"]
[Round "6.29"]
[White "Kouwenhoven, Derk"]
[Black "Weihrauch, Jakob"]
[Result "0-1"]
[WhiteElo "2028"]
[BlackElo "1901"]
[EventDate "2017.10.21"]
[PlyCount "74"]

1.e4 e6 2.d4 d5 3.Nd2 Nf6 4.e5 Nfd7 5.Bd3 c5 6.c3 Nc6 7.Ngf3 Be7 8.O-O g5 
9.dxc5 g4 10.Nd4 Ncxe5 11.Bb5 Bxc5 12.Re1 Bd6 13.c4 Qb6 14.Nf1 dxc4 15.Bf4
Nd3 16.Bxd6 Qxd4 17.Ne3 Qxb2 18.Bxd7+ Bxd7 19.Re2 Qd4 20.Nf5 Qd5 21.Be5 
Bc6 22.Nd6+ Kd7 23.Re4 Nxe5 24.Nxc4 Nxc4 25.Rd4 Nd6 26.Rxd5 Bxd5 27.Qa4+ 
Bc6 28.Qd4 Rhg8 29.a4 Rg5 30.Qf4 Rag8 31.a5 a6 32.Rd1 Rd5 33.Ra1 Rgg5 34.
Qb4 Rb5 35.Qc3 Rgf5 36.Qd2 Ke7 37.Qc3 Rxf2 0-1

[Event "21st Hoogeveen op"]
[Site "Hoogeveen NED"]
[Date "2017.10.25"]
[Round "6.30"]
[White "Molenaar, Christiaan"]
[Black "French, Max"]
[Result "1-0"]
[WhiteElo "2112"]
[BlackElo "1991"]
[EventDate "2017.10.21"]
[PlyCount "167"]

1.f4 d5 2.Nf3 Bg4 3.e3 Nd7 4.h3 Bxf3 5.Qxf3 Ngf6 6.Nc3 c6 7.d4 e6 8.Bd2 
Bd6 9.Bd3 c5 10.dxc5 Bxc5 11.g4 h6 12.Rf1 Qe7 13.O-O-O Nb6 14.Bb5+ Nfd7 
15.Na4 Nxa4 16.Bxa4 O-O 17.Bc3 Nf6 18.Bd4 Ne4 19.c3 Bxd4 20.Rxd4 Nd6 21.f5
Nc4 22.f6 Qxf6 23.Qxf6 gxf6 24.Rxf6 Kg7 25.Rf3 Rad8 26.Rd1 f6 27.Bc2 Ne5 
28.Rf4 Ng6 29.Ra4 a6 30.Rb4 b5 31.a4 Rb8 32.axb5 Rxb5 33.Ra4 Rb6 34.Bd3 
Ne5 35.Bxa6 Ra8 36.Bb5 Rab8 37.c4 dxc4 38.Bxc4 Rxb2 39.Ra7+ Kg6 40.Bxe6 
Rb1+ 41.Kc2 R8b2+ 42.Kc3 Rxd1 43.Kxb2 Rd2+ 44.Kc1 Rf2 45.h4 h5 46.Bf5+ 
Rxf5 47.gxf5+ Kxf5 48.Ra4 Ng4 49.Kd2 Ke5 50.Kd3 Kf5 51.Ke2 Ne5 52.Kf2 Ng4+
53.Kf3 Nh2+ 54.Kg3 Nf1+ 55.Kf2 Nh2 56.Ra5+ Kg6 57.Kg3 Ng4 58.Kf4 Nf2 59.
Rd5 Ng4 60.Rd8 Ne5 61.Rg8+ Kf7 62.Rg1 Ng6+ 63.Kg3 Ne5 64.Rc1 Kg6 65.Rc8 
Kg7 66.Ra8 Kh7 67.e4 Kg7 68.Ra7+ Kg6 69.Re7 Nc6 70.Re6 Nd8 71.Re8 Nf7 72.
Kf4 Nd6 73.Rg8+ Kf7 74.Rg1 Nc4 75.Rc1 Nd6 76.Rc6 Nb5 77.Rc5 Nd4 78.Rxh5 
Ne6+ 79.Kg4 Kg6 80.Ra5 Ng7 81.Ra6 Ne8 82.h5+ Kf7 83.Ra7+ Ke6 84.h6 1-0

[Event "21st Hoogeveen op"]
[Site "Hoogeveen NED"]
[Date "2017.10.25"]
[Round "6.31"]
[White "Schulze, Lara"]
[Black "Engel, Robert"]
[Result "1-0"]
[WhiteElo "2091"]
[BlackElo "1973"]
[EventDate "2017.10.21"]
[PlyCount "79"]

1.e4 c5 2.Nf3 d6 3.d4 cxd4 4.Nxd4 Nf6 5.Nc3 a6 6.h3 e5 7.Nde2 h5 8.Bg5 Be6
9.Bxf6 Qxf6 10.Nd5 Qd8 11.Qd3 g6 12.O-O-O Nd7 13.Kb1 Bh6 14.Qa3 Nc5 15.
Nec3 O-O 16.Be2 b5 17.g4 h4 18.Rhf1 Re8 19.Ne3 Qb8 20.b4 a5 21.Bxb5 Bxa2+ 
22.Kb2 axb4 23.Qxb4 Be6 24.Ned5 Bxd5 25.Nxd5 Rf8 26.f3 Ra7 27.c4 Rc8 28.
Kc3 Qa8 29.Rb1 Ra3+ 30.Kc2 Qa7 31.Ne7+ Qxe7 32.Qxa3 Qg5 33.Rbd1 Ne6 34.
Qxd6 Nd4+ 35.Kb1 Qe3 36.Qb4 Bf8 37.Qd2 Qa3 38.Qb2 Qa5 39.Rd3 Ra8 40.Rfd1 
1-0

[Event "21st Hoogeveen op"]
[Site "Hoogeveen NED"]
[Date "2017.10.25"]
[Round "6.32"]
[White "Boersma, Jan"]
[Black "Kotyk, Michael"]
[Result "1-0"]
[WhiteElo "2057"]
[BlackElo "1921"]
[EventDate "2017.10.21"]
[PlyCount "57"]

1.e4 e5 2.Nc3 Nf6 3.Nf3 Nc6 4.Bb5 Bd6 5.a3 O-O 6.d3 h6 7.g4 Nd4 8.Bc4 Nh7 
9.h4 Nxf3+ 10.Qxf3 Qf6 11.Qxf6 Nxf6 12.g5 Nh5 13.g6 c6 14.Nd1 Nf4 15.Bxf7+
Kh8 16.Ne3 Bc7 17.Bd2 a5 18.O-O-O d6 19.Nf5 b5 20.Kb1 Bxf5 21.exf5 Nd5 22.
Rdg1 Bb6 23.Rh2 Nf6 24.Bxh6 Rxf7 25.gxf7 gxh6 26.Rg6 Nd5 27.Rhg2 Kh7 28.
Rg7+ Kh8 29.Rg8+ 1-0

[Event "21st Hoogeveen op"]
[Site "Hoogeveen NED"]
[Date "2017.10.25"]
[Round "6.33"]
[White "Bekedam, Tyro"]
[Black "Pham, Khoi"]
[Result "1-0"]
[WhiteElo "2037"]
[BlackElo "1859"]
[EventDate "2017.10.21"]
[PlyCount "59"]

1.e4 c5 2.Nf3 e6 3.d4 cxd4 4.Nxd4 a6 5.Nc3 Ne7 6.Be3 Nbc6 7.Nb3 Ng6 8.f4 
Qc7 9.g3 Be7 10.h4 Bb4 11.Qd2 Na5 12.h5 Ne7 13.Bd4 O-O 14.Bxg7 Kxg7 15.
Qd4+ f6 16.Qxb4 Nec6 17.Qc5 d6 18.Qf2 b5 19.Nxa5 Nxa5 20.Qd4 e5 21.Qd2 Nc6
22.Nd5 Qf7 23.c3 Bb7 24.Bg2 exf4 25.gxf4 Na5 26.O-O-O Nc4 27.Qd4 Bxd5 28.
exd5 Rfc8 29.Bh3 Rc7 30.Be6 1-0

[Event "21st Hoogeveen op"]
[Site "Hoogeveen NED"]
[Date "2017.10.25"]
[Round "6.34"]
[White "Hopman, Pieter"]
[Black "Lindeman, Johan W"]
[Result "1-0"]
[WhiteElo "2322"]
[BlackElo "2004"]
[EventDate "2017.10.21"]
[PlyCount "85"]

1.e4 Nc6 2.d4 d5 3.exd5 Qxd5 4.Nf3 Bg4 5.Be2 O-O-O 6.c3 e5 7.c4 Qa5+ 8.Bd2
Bb4 9.d5 Bxf3 10.Bxf3 Nd4 11.Nc3 Qa6 12.b3 f5 13.O-O Nf6 14.a3 Bd6 15.Be2 
e4 16.Be3 Nxe2+ 17.Nxe2 Ng4 18.h3 Nxe3 19.fxe3 g6 20.Ra2 Be5 21.Qc1 Rd7 
22.b4 Qf6 23.a4 h5 24.a5 g5 25.b5 g4 26.Nf4 gxh3 27.gxh3 Rg7+ 28.Rg2 Bxf4 
29.Rxf4 Rxg2+ 30.Kxg2 Rg8+ 31.Kh1 Kd7 32.Qf1 Rf8 33.c5 Qe5 34.Qd1 Rg8 35.
c6+ bxc6 36.dxc6+ Ke7 37.Rf1 Qxb5 38.Qd7+ Kf6 39.Qd4+ Qe5 40.Qd7 Qxa5 41.
Qh7 Rg6 42.Qh8+ Rg7 43.Rg1 1-0

[Event "21st Hoogeveen op"]
[Site "Hoogeveen NED"]
[Date "2017.10.25"]
[Round "6.35"]
[White "Mellema, Andries"]
[Black "Kutchoukov, Daniel"]
[Result "1/2-1/2"]
[WhiteElo "2164"]
[BlackElo "1913"]
[EventDate "2017.10.21"]
[PlyCount "106"]

1.e4 c6 2.d4 d5 3.Nc3 dxe4 4.Nxe4 Bf5 5.Ng3 Bg6 6.h4 h6 7.Nf3 e6 8.h5 Bh7 
9.Bd3 Bxd3 10.Qxd3 Nf6 11.Bd2 c5 12.Ne4 Nc6 13.Nxc5 Bxc5 14.dxc5 Qxd3 15.
cxd3 O-O-O 16.b4 Rxd3 17.b5 Nd4 18.Ne5 Nc2+ 19.Ke2 Rd5 20.Nxf7 Nxa1 21.
Nxh8 Nc2 22.Rc1 Nd4+ 23.Ke1 Rxh5 24.Be3 Nxb5 25.Ke2 Nd5 26.g4 Re5 27.Nf7 
Re4 28.Nd6+ Nxd6 29.cxd6+ Kd7 30.Kf3 Ra4 31.Rb1 b6 32.Rb2 Kxd6 33.Bc1 Ra3+
34.Kg2 Rd3 35.Rc2 Kd7 36.Bb2 g6 37.Be5 b5 38.Rc1 Rd2 39.Rh1 Rxa2 40.Rxh6 
b4 41.Rxg6 b3 42.Rg8 b2 43.Rb8 Nb6 44.Bxb2 Rxb2 45.Rb7+ Ke8 46.Rxa7 Nd7 
47.Ra4 Ne5 48.Re4 Rb5 49.f4 Rb2+ 50.Kg3 Rb3+ 51.Kg2 Rb2+ 52.Kg3 Rb3+ 53.
Kg2 Rb2+ 1/2-1/2

[Event "21st Hoogeveen op"]
[Site "Hoogeveen NED"]
[Date "2017.10.25"]
[Round "6.36"]
[White "Elgersma, Onno"]
[Black "Fehr, Axel"]
[Result "1-0"]
[WhiteElo "1884"]
[BlackElo "2081"]
[EventDate "2017.10.21"]
[PlyCount "61"]

1.e4 g6 2.d4 Bg7 3.Be3 d6 4.Qd2 c5 5.Ne2 Nc6 6.Nbc3 cxd4 7.Nxd4 Nxd4 8.
Bxd4 Nf6 9.f3 O-O 10.O-O-O Be6 11.g4 Qa5 12.Kb1 Rfc8 13.a3 Nd7 14.Nd5 Qd8 
15.Bxg7 Kxg7 16.h4 Bxd5 17.exd5 Ne5 18.h5 Qh8 19.hxg6 fxg6 20.f4 Nf7 21.g5
Rc7 22.Bh3 Rf8 23.Be6 h5 24.Qd4+ Kh7 25.Qe4 Kg7 26.Rdf1 b5 27.Rf3 Rc4 28.
Qe3 Kh7 29.b3 Rc7 30.Qe4 b4 31.Rxh5+ 1-0

[Event "21st Hoogeveen op"]
[Site "Hoogeveen NED"]
[Date "2017.10.25"]
[Round "6.37"]
[White "Den Dunnen, Lola"]
[Black "Duson, Robin"]
[Result "1-0"]
[WhiteElo "1862"]
[BlackElo "1890"]
[EventDate "2017.10.21"]
[PlyCount "65"]

1.d4 Nf6 2.c4 c5 3.d5 e6 4.Nc3 exd5 5.cxd5 d6 6.e4 g6 7.Bd3 Bg7 8.h3 O-O 
9.Bg5 h6 10.Be3 Re8 11.Nf3 c4 12.Bc2 b5 13.a3 Nbd7 14.O-O a6 15.Re1 Qc7 
16.Bf4 Nh5 17.Be3 Nc5 18.Bd4 Bb7 19.Bxg7 Nxg7 20.Qd2 Kh7 21.Nd4 f6 22.f4 
Qf7 23.Nf3 Nd7 24.Nh4 f5 25.exf5 Nxf5 26.Nxf5 gxf5 27.g4 Nc5 28.Bxf5+ Kg8 
29.Bc2 h5 30.f5 Nd7 31.Qg5+ Kh8 32.Re6 Rxe6 33.fxe6 1-0

[Event "21st Hoogeveen op"]
[Site "Hoogeveen NED"]
[Date "2017.10.26"]
[Round "7.1"]
[White "Beerdsen, Thomas"]
[Black "Pruijssers, Roeland"]
[Result "1/2-1/2"]
[WhiteElo "2428"]
[BlackElo "2512"]
[EventDate "2017.10.21"]
[PlyCount "20"]

1.e4 d5 2.exd5 Qxd5 3.Nf3 Bg4 4.Be2 Nc6 5.O-O O-O-O 6.h3 Bxf3 7.Bxf3 Qd7 
8.c3 Ne5 9.d4 Nxf3+ 10.Qxf3 Qd5 1/2-1/2

[Event "21st Hoogeveen op"]
[Site "Hoogeveen NED"]
[Date "2017.10.26"]
[Round "7.2"]
[White "Kuljasevic, Davorin"]
[Black "Kuipers, Stefan"]
[Result "1/2-1/2"]
[WhiteElo "2549"]
[BlackElo "2411"]
[EventDate "2017.10.21"]
[PlyCount "95"]

1.d4 d5 2.c4 c6 3.Nf3 Nf6 4.Nc3 e6 5.e3 Nbd7 6.Qc2 Bd6 7.Bd3 O-O 8.O-O 
dxc4 9.Bxc4 Qe7 10.h3 e5 11.Bb3 a5 12.a3 b5 13.Rd1 Rb8 14.e4 c5 15.dxc5 
Nxc5 16.Nd5 Nxd5 17.Bxd5 Be6 18.Bg5 f6 19.Be3 Rbc8 20.Rac1 Kf7 21.Bxe6+ 
Nxe6 22.Qd3 Rxc1 23.Bxc1 Qb7 24.Qd5 Qxd5 25.Rxd5 Rd8 26.Be3 Nc7 27.Rd1 a4 
28.Kf1 Ke6 29.Ke2 Rb8 30.Nd2 Na6 31.Rc1 Kd7 32.g3 Rb7 33.f4 exf4 34.gxf4 
Rc7 35.Rxc7+ Nxc7 36.Nf3 Ne6 37.e5 fxe5 38.fxe5 Be7 39.Kd3 g6 40.Ke4 Kc6 
41.Nd4+ Nxd4 42.Bxd4 b4 43.axb4 Bxb4 44.Be3 a3 45.bxa3 Bxa3 46.Bg5 Bb2 47.
Bh6 Bc3 48.Bg5 1/2-1/2

[Event "21st Hoogeveen op"]
[Site "Hoogeveen NED"]
[Date "2017.10.26"]
[Round "7.3"]
[White "Kollars, Dmitrij"]
[Black "Gritsak, Orest"]
[Result "1-0"]
[WhiteElo "2498"]
[BlackElo "2468"]
[EventDate "2017.10.21"]
[PlyCount "57"]

1.e4 c5 2.Nf3 e6 3.d4 cxd4 4.Nxd4 Nc6 5.Nc3 a6 6.Nxc6 bxc6 7.Bd3 Qc7 8.O-O
Nf6 9.Qe2 d5 10.Bg5 Bb7 11.f4 Be7 12.e5 Nd7 13.Bxe7 Kxe7 14.Rae1 g6 15.Nd1
a5 16.Kh1 h5 17.Ne3 Rae8 18.Qf2 Kf8 19.f5 exf5 20.Nxf5 gxf5 21.Qxf5 Nxe5 
22.Qf6 Rg8 23.Qh6+ Rg7 24.Rf5 Re7 25.Rg5 Ng6 26.Rf1 Kg8 27.Rxh5 f5 28.
Rhxf5 Re6 29.R5f3 1-0

[Event "21st Hoogeveen op"]
[Site "Hoogeveen NED"]
[Date "2017.10.26"]
[Round "7.4"]
[White "Saduakassova, Dinara"]
[Black "Engel, Luis"]
[Result "1-0"]
[WhiteElo "2448"]
[BlackElo "2344"]
[EventDate "2017.10.21"]
[PlyCount "73"]

1.d4 Nf6 2.c4 g6 3.g3 Bg7 4.Bg2 O-O 5.Nc3 d6 6.Nf3 Nc6 7.O-O e5 8.d5 Nb8 
9.e4 a5 10.Ne1 Na6 11.a3 Nc5 12.Be3 Ng4 13.Bxc5 dxc5 14.Nd3 Qe7 15.Na4 b6 
16.b4 axb4 17.axb4 cxb4 18.Nxb6 Rxa1 19.Nxc8 Rxc8 20.Qxa1 f5 21.Bh3 Rf8 
22.Re1 h5 23.Qb1 Bh6 24.exf5 Rxf5 25.Bxg4 hxg4 26.Re4 Bd2 27.Rxg4 Kh7 28.
Re4 c6 29.dxc6 Qd6 30.c5 Qxc6 31.Rxe5 Rxe5 32.Nxe5 Qe6 33.Nf3 Qe2 34.Qb3 
Be1 35.Qf7+ Kh6 36.Qf8+ Kh5 37.Qh8+ 1-0

[Event "21st Hoogeveen op"]
[Site "Hoogeveen NED"]
[Date "2017.10.26"]
[Round "7.5"]
[White "Videnova, Iva"]
[Black "Xu Xiangyu"]
[Result "0-1"]
[WhiteElo "2326"]
[BlackElo "2549"]
[EventDate "2017.10.21"]
[PlyCount "100"]

1.e4 c5 2.Nf3 d6 3.d4 cxd4 4.Nxd4 Nf6 5.Nc3 Bd7 6.Bg5 e6 7.Ndb5 Bc6 8.Bxf6
gxf6 9.Qh5 a6 10.Nd4 Qb6 11.Nb3 Nd7 12.Bc4 Nc5 13.O-O-O Nxb3+ 14.Bxb3 Qc5 
15.Qh3 Qxf2 16.Kb1 Be7 17.Rhf1 Qc5 18.e5 Qxe5 19.Rde1 Qg5 20.Bxe6 fxe6 21.
Qxe6 Qg7 22.Ne4 Bxe4 23.Rxe4 Rd8 24.Rfe1 Rd7 25.Rc4 Kd8 26.Qe3 f5 27.Qb6+ 
Ke8 28.Rc7 Rxc7 29.Qxc7 Qf6 30.Qxb7 Rg8 31.Qxa6 Rg4 32.Qa8+ Kf7 33.Qd5+ 
Kg7 34.a3 Qf7 35.Qf3 Bg5 36.g3 Rd4 37.h4 Bd8 38.Qa8 Bf6 39.Qf3 Be5 40.Rf1 
h5 41.Qe3 Rg4 42.Rf3 Qb7 43.b4 Qe4 44.Qf2 f4 45.gxf4 Bd4 46.Qf1 Rg1 47.
Qxg1+ Bxg1 48.Rg3+ Kf6 49.Rxg1 Qxf4 50.Rd1 Ke7 0-1

[Event "21st Hoogeveen op"]
[Site "Hoogeveen NED"]
[Date "2017.10.26"]
[Round "7.6"]
[White "Ernst, Sipke"]
[Black "Maris, Ivo"]
[Result "1-0"]
[WhiteElo "2548"]
[BlackElo "2340"]
[EventDate "2017.10.21"]
[PlyCount "87"]

1.Nc3 c5 2.Nf3 Nf6 3.d4 cxd4 4.Qxd4 Nc6 5.Qh4 Qb6 6.e4 Nb4 7.e5 Ng8 8.Bd3 
Nxd3+ 9.cxd3 e6 10.O-O Ne7 11.Be3 Nf5 12.Bxb6 Nxh4 13.Nb5 Nxf3+ 14.gxf3 
axb6 15.Nc7+ Kd8 16.Nxa8 Bc5 17.Rac1 d6 18.b4 Bd4 19.exd6 e5 20.Rc7 h5 21.
Rfc1 Bh3 22.Rxf7 e4 23.d7 Bxd7 24.dxe4 Rh6 25.Rd1 Rg6+ 26.Kf1 Bb5+ 27.Ke1 
Rd6 28.Rxd4 Rxd4 29.Nxb6 Rxb4 30.Rf8+ Be8 31.Nd5 Rb1+ 32.Ke2 Rb2+ 33.Ke3 
Rxa2 34.Rg8 Ra3+ 35.Kf4 Ra2 36.Rxg7 Rxf2 37.Rg8 Rxh2 38.Nf6 Ke7 39.Nxe8 h4
40.Rh8 h3 41.Nc7 Rh1 42.Rh6 Kf7 43.Nd5 Kg7 44.Rh4 1-0

[Event "21st Hoogeveen op"]
[Site "Hoogeveen NED"]
[Date "2017.10.26"]
[Round "7.7"]
[White "Van Foreest, Lucas"]
[Black "Schippers, Maurice"]
[Result "0-1"]
[WhiteElo "2489"]
[BlackElo "2289"]
[EventDate "2017.10.21"]
[PlyCount "110"]

1.d4 Nf6 2.c4 g6 3.Nc3 Bg7 4.e4 d6 5.Be2 O-O 6.Be3 Nc6 7.Nf3 Ng4 8.Bg5 h6 
9.Bh4 g5 10.Bg3 e5 11.d5 Nd4 12.Nxd4 exd4 13.Nb5 Nf6 14.f3 Nh5 15.Bf2 c5 
16.dxc6 bxc6 17.Nxd4 c5 18.Nf5 Bxf5 19.exf5 Nf4 20.O-O Re8 21.Bd3 Nxd3 22.
Qxd3 Bxb2 23.Rad1 Be5 24.Bg3 Bd4+ 25.Bf2 Be5 26.Bg3 Bd4+ 27.Kh1 Rb8 28.
Rfe1 Qd7 29.Re4 Rxe4 30.Qxe4 Re8 31.Qg4 Qa4 32.f4 Re4 33.h4 Kf8 34.Rb1 
Qxa2 35.Rb8+ Re8 36.Rxe8+ Kxe8 37.fxg5 Qb1+ 38.Kh2 Qg1+ 39.Kh3 Qh1+ 40.Bh2
Be5 41.Qe4 Qxh2+ 42.Kg4 hxg5 43.hxg5 Qg3+ 44.Kh5 Kf8 45.Qa8+ Kg7 46.f6+ 
Bxf6 47.gxf6+ Kxf6 48.Qd8+ Kg7 49.Qa8 a5 50.Qxa5 Qh2+ 51.Kg4 Qxg2+ 52.Kh5 
Qg6+ 53.Kh4 Qe4+ 54.Kh5 Qxc4 55.Qa1+ Qd4 0-1

[Event "21st Hoogeveen op"]
[Site "Hoogeveen NED"]
[Date "2017.10.26"]
[Round "7.8"]
[White "Schoppen, Casper"]
[Black "Okkes, Menno"]
[Result "1/2-1/2"]
[WhiteElo "2440"]
[BlackElo "2332"]
[EventDate "2017.10.21"]
[PlyCount "95"]

1.e4 c5 2.Nf3 g6 3.d4 cxd4 4.Nxd4 Nc6 5.c4 Nf6 6.Nc3 d6 7.Be2 Nxd4 8.Qxd4 
Bg7 9.O-O O-O 10.Qd2 a5 11.Rb1 a4 12.b3 axb3 13.axb3 Be6 14.Qe3 Nd7 15.Nd5
Ra2 16.Nb4 Ra8 17.Nd5 Nc5 18.b4 Na4 19.Bd2 Re8 20.Qb3 Bd7 21.Rfc1 Bc6 22.
Qc2 e6 23.Ne3 b6 24.f3 Qd7 25.Rb3 b5 26.cxb5 Bxb5 27.Bxb5 Qxb5 28.Qd3 Qb6 
29.Kh1 Rec8 30.Nc4 Qb5 31.Na5 Rxc1+ 32.Bxc1 Rc8 33.Bd2 Qe5 34.Rb1 Qd4 35.
Qxd4 Bxd4 36.Nb3 Bb2 37.Kg1 Kf8 38.Kf1 Ke8 39.Ke2 Kd7 40.Kd3 h5 41.Nc1 e5 
42.Ne2 Ke6 43.Bc1 Bxc1 44.Rxc1 Nb2+ 45.Kd2 Nc4+ 46.Kd3 Nb2+ 47.Kd2 Nc4+ 
48.Kd3 1/2-1/2

[Event "21st Hoogeveen op"]
[Site "Hoogeveen NED"]
[Date "2017.10.26"]
[Round "7.9"]
[White "Colijn, Stefan"]
[Black "Jonkman, Harmen"]
[Result "1-0"]
[WhiteElo "2308"]
[BlackElo "2410"]
[EventDate "2017.10.21"]
[PlyCount "93"]

1.d4 d5 2.Nf3 Nf6 3.c4 e6 4.e3 Bd6 5.Nc3 b6 6.Qc2 a6 7.b3 Bb7 8.Be2 Nbd7 
9.Bb2 Rc8 10.O-O O-O 11.Bd3 c5 12.cxd5 exd5 13.Qe2 b5 14.dxc5 Nxc5 15.Bf5 
Rc7 16.Rfd1 g6 17.Bh3 Re8 18.Rac1 Bf8 19.Nb1 Nce4 20.Bd4 Rce7 21.Qb2 Bg7 
22.Nbd2 Nh5 23.Nxe4 Rxe4 24.Bxg7 Nxg7 25.g3 Qb6 26.Qc3 R4e7 27.Nd4 Nh5 28.
b4 Qd6 29.Qc5 Qe5 30.Nc6 Bxc6 31.Qxc6 Qb2 32.Qxa6 Qxb4 33.Rxd5 Qb2 34.Rdd1
b4 35.Rb1 Qc2 36.Bf1 Re6 37.Qc4 Rc8 38.Rd8+ Kg7 39.Qxc8 Qxb1 40.Rg8+ Kf6 
41.Qd8+ Kf5 42.Qd5+ Kf6 43.Qd4+ Kg5 44.h4+ Kh6 45.g4 f6 46.Qc5 Ng7 47.Qf8 
1-0

[Event "21st Hoogeveen op"]
[Site "Hoogeveen NED"]
[Date "2017.10.26"]
[Round "7.10"]
[White "De Boer, Eelke"]
[Black "Tania, Sachdev"]
[Result "0-1"]
[WhiteElo "2301"]
[BlackElo "2386"]
[EventDate "2017.10.21"]
[PlyCount "112"]

1.e4 e5 2.Nf3 Nc6 3.Bb5 a6 4.Ba4 Nf6 5.O-O b5 6.Bb3 Bb7 7.d3 Be7 8.Nc3 O-O
9.Re1 d6 10.a3 Qd7 11.Nd5 Nd8 12.Nxe7+ Qxe7 13.Nh4 Bc8 14.Bg5 Ne6 15.Nf5 
Qd8 16.Be3 c5 17.a4 Bb7 18.axb5 axb5 19.Rxa8 Bxa8 20.Qa1 c4 21.dxc4 bxc4 
22.Bxc4 Bxe4 23.Bd3 Bxd3 24.cxd3 Qd7 25.Qa3 Rd8 26.Rc1 Nd5 27.Bd2 Nef4 28.
Ng3 Qb7 29.f3 h5 30.Kh1 Ra8 31.Qxd6 Qxb2 32.Qc6 Rb8 33.Qc2 Qxc2 34.Rxc2 
Rb1+ 35.Rc1 Rb2 36.Bxf4 Nxf4 37.Rg1 Nxd3 38.h3 g6 39.Nf1 Nf4 40.Ne3 Re2 
41.Nc4 h4 42.Nd6 Kg7 43.Ne8+ Kf8 44.Nf6 Ke7 45.Ne4 f5 46.Ng5 Rb2 47.g4 Rb7
48.gxf5 gxf5 49.Nh7 Kf7 50.Kh2 Rb2+ 51.Kh1 Nxh3 52.Ng5+ Nxg5 53.Rxg5 Kf6 
54.Rg8 Rf2 55.Rf8+ Kg5 56.Re8 Kf4 0-1

[Event "21st Hoogeveen op"]
[Site "Hoogeveen NED"]
[Date "2017.10.26"]
[Round "7.11"]
[White "Carlstedt, Jonathan"]
[Black "Pajeken, Jakob Leon"]
[Result "1-0"]
[WhiteElo "2413"]
[BlackElo "2203"]
[EventDate "2017.10.21"]
[PlyCount "95"]

1.d4 d5 2.c4 dxc4 3.e4 Nc6 4.Nf3 Bg4 5.d5 Ne5 6.Bf4 Ng6 7.Be3 Nf6 8.Nc3 e5
9.Bxc4 Nh4 10.Rg1 a6 11.Bg5 Ng6 12.h3 Bd7 13.h4 Be7 14.Qd3 h6 15.Be3 Bg4 
16.O-O-O Nh5 17.Ne2 Bd6 18.Rh1 Bxf3 19.gxf3 Nxh4 20.f4 Qf6 21.Rdg1 Nf3 22.
Rg4 exf4 23.Rxh5 fxe3 24.Rf5 Ne5 25.Qc3 Qe7 26.Rxg7 exf2 27.Rxf2 Bb4 28.
Qg3 O-O-O 29.Nc3 Qc5 30.Bf1 Bxc3 31.bxc3 Qa3+ 32.Rb2 Qd6 33.c4 h5 34.Kb1 
h4 35.Qc3 Qf6 36.Rg1 Qf4 37.Bh3+ Kb8 38.Ka1 Rhg8 39.Rgb1 b6 40.Qd4 Rg6 41.
Bf5 Rh6 42.c5 Nc6 43.Qc4 b5 44.Rxb5+ Ka8 45.R5b2 Na7 46.d6 Qe5 47.Qxa6 Rb8
48.Bc8 1-0

[Event "21st Hoogeveen op"]
[Site "Hoogeveen NED"]
[Date "2017.10.26"]
[Round "7.12"]
[White "De Graaf, Dick"]
[Black "Buckels, Valentin"]
[Result "0-1"]
[WhiteElo "2178"]
[BlackElo "2318"]
[EventDate "2017.10.21"]
[PlyCount "48"]

1.e4 e5 2.Nf3 Nc6 3.Bb5 a6 4.Ba4 Nf6 5.Qe2 Be7 6.c3 b5 7.Bc2 O-O 8.O-O d5 
9.d3 h6 10.Rd1 d4 11.cxd4 Bg4 12.Be3 exd4 13.Bc1 Ne5 14.Nbd2 Nh5 15.Re1 
Bb4 16.Qf1 Nxf3+ 17.gxf3 Bd7 18.Nb3 Bxe1 19.Qxe1 Bh3 20.e5 Re8 21.f4 Re6 
22.f5 Qd5 23.Qe4 Rxe5 24.Qxd5 Re1# 0-1

[Event "21st Hoogeveen op"]
[Site "Hoogeveen NED"]
[Date "2017.10.26"]
[Round "7.13"]
[White "Wempe, Joost"]
[Black "Strating, Sybolt"]
[Result "1-0"]
[WhiteElo "2289"]
[BlackElo "2262"]
[EventDate "2017.10.21"]
[PlyCount "73"]

1.Nf3 d5 2.e3 Nf6 3.c4 c6 4.Nc3 a6 5.Qc2 Bg4 6.Ne5 Bh5 7.cxd5 cxd5 8.Qa4+ 
Nbd7 9.Nxd7 Nxd7 10.Nxd5 e6 11.Nf4 Bg6 12.Nxg6 hxg6 13.d4 b5 14.Qb3 Qc7 
15.h3 Qb7 16.Bd2 Rc8 17.Rc1 Rxc1+ 18.Bxc1 Bd6 19.a4 O-O 20.Bd2 Nf6 21.f3 
Bg3+ 22.Kd1 e5 23.Bd3 exd4 24.exd4 Rd8 25.axb5 Rxd4 26.Kc2 axb5 27.Qxb5 
Qc7+ 28.Bc3 Rd5 29.Qb3 Be5 30.Ra1 Rc5 31.Bxg6 Kf8 32.Ra8+ Ne8 33.Bd3 Bxc3 
34.bxc3 Ke7 35.Qa3 Qd6 36.Ra6 Qe5 37.Rc6 1-0